| 000 | 00831nam a2200265 4500 | ||
|---|---|---|---|
| 003 | OSt | ||
| 005 | 20240607061729.0 | ||
| 006 | a | ||
| 008 | 240607b |||||||| |||| 00| 0 eng d | ||
| 020 | _a9780672335518 | ||
| 040 |
_aDWCL-Main lib. _cOC |
||
| 082 | _aCirc. 006.78 M626 2010 | ||
| 100 | _aMann, Steven | ||
| 245 | _aMicrosoft sharepoint 2010 business intelligence / | ||
| 260 |
_aUSA : _bPearson Education, _cc2010. |
||
| 300 |
_ax, _b311 p. : ill. ; _c23 cm. |
||
| 504 | _aIncludes index. | ||
| 650 | _a1. Microsoft Sharepoint (Electronic resource). | ||
| 650 | _a2. Business intelligence. | ||
| 650 | _a3. Performance–Management–Computer programs. | ||
| 650 | _a4. Intranets (Computer networks). | ||
| 650 | _a5. Business–Computer programs. | ||
| 700 | _a Steven Mann | ||
| 942 |
_2ddc _n0 _cBK-CIRC _kCirc. |
||
| 999 |
_c358 _d358 |
||